Plant Cell and Tissue Culture / (Record no. 8059)
[ view plain ]
| 000 -LEADER | |
|---|---|
| fixed length control field | 00867nam a2200325Ia 4500 |
| 001 - CONTROL NUMBER | |
| control field | 8072 |
| 005 - DATE AND TIME OF LATEST TRANSACTION | |
| control field | 20240113234048.0 |
| 007 - PHYSICAL DESCRIPTION FIXED FIELD--GENERAL INFORMATION | |
| fixed length control field | ta |
| 008 - FIXED-LENGTH DATA ELEMENTS--GENERAL INFORMATION | |
| fixed length control field | 050715s 199 a g b000 u eng u |
| 020 ## - INTERNATIONAL STANDARD BOOK NUMBER | |
| International Standard Book Number | 0-07-460277-2 |
| 040 ## - CATALOGING SOURCE | |
| Original cataloging agency | Cotton College Assam |
| 041 ## - LANGUAGE CODE | |
| Language code of text/sound track or separate title | eng |
| 082 ## - DEWEY DECIMAL CLASSIFICATION NUMBER | |
| Classification number | 574.87 |
| Item number | Na 164 Pl |
| 082 ## - DEWEY DECIMAL CLASSIFICATION NUMBER | |
| Classification number | 581.2 |
| Item number | Na 164 Pl |
| 082 ## - DEWEY DECIMAL CLASSIFICATION NUMBER | |
| Classification number | 581.8 |
| Item number | Na 164 Pl |
| 100 ## - MAIN ENTRY--PERSONAL NAME | |
| Personal name | Narayanaswamy, S. . |
| 245 #0 - TITLE STATEMENT | |
| Title | Plant Cell and Tissue Culture / |
| Statement of responsibility, etc. | S. Narayanaswamy. |
| Medium | Textual Documents |
| 260 ## - PUBLICATION, DISTRIBUTION, ETC. | |
| Place of publication, distribution, etc. | New Delhi : |
| Name of publisher, distributor, etc. | Tata Mcgraw-Hill Publishing Company Ltd , |
| Date of publication, distribution, etc. | C 1994. |
| 300 ## - PHYSICAL DESCRIPTION | |
| Extent | xviii, 652p. : |
| Other physical details | ill ; |
| Dimensions | 24cm. . |
| 504 ## - BIBLIOGRAPHY, ETC. NOTE | |
| Bibliography, etc. note | Index |
| 653 ## - INDEX TERM--UNCONTROLLED | |
| Uncontrolled term | Botany |
| 653 ## - INDEX TERM--UNCONTROLLED | |
| Uncontrolled term | Plant Cell |
| 653 ## - INDEX TERM--UNCONTROLLED | |
| Uncontrolled term | Tissue Culture |
| 653 ## - INDEX TERM--UNCONTROLLED | |
| Uncontrolled term | Cell, Plant |
| 942 ## - ADDED ENTRY ELEMENTS (KOHA) | |
| Source of classification or shelving scheme | Dewey Decimal Classification |
| Koha item type | Books |
| Withdrawn status | Lost status | Damaged status | Not for loan | Collection | Home library | Current library | Date acquired | Coded location qualifier | Total checkouts | Full call number | Barcode | Date last seen | Copy number | Price effective from | Koha item type |
|---|---|---|---|---|---|---|---|---|---|---|---|---|---|---|---|
| Dr. Suryya Kumar Bhuyan Library | Dr. Suryya Kumar Bhuyan Library | 01/02/2012 | 00000 | 574.87 Na 164 Pl | 751/Bot | 05/04/2024 | 2 | 01/02/2012 | Books | ||||||
| Dr. Suryya Kumar Bhuyan Library | Dr. Suryya Kumar Bhuyan Library | 01/02/2012 | 00000 | 574.87 Na 164 Pl | 535/Bot | 13/01/2024 | 3 | 01/02/2012 | Books | ||||||
| Dr. Suryya Kumar Bhuyan Library | Dr. Suryya Kumar Bhuyan Library | 01/02/2012 | 00000 | 574.87 Na 164 Pl | 643/Bot | 13/01/2024 | 1 | 01/02/2012 | Books |
